Fruit Name by Picture - Statistics

General Stats
  • This quiz has been taken 49 times
  • The average score is 15 of 16
Answer Stats
Picture Answer % Correct
Apple
100%
Banana
100%
Peach
100%
Grape
98%
Mango
98%
Pear
96%
Pineapple
96%
Watermelon
96%
Avocado
93%
Lime
93%
Blueberry
91%
Raspberry
91%
Strawberry
87%
Tomato
87%
Mandarin
67%
Plum
59%
No matching quizzes found
Score Distribution
Percent of People with Each Score
Percentile by Number Answered
Your Score History
You have not taken this quiz